000 00376nam a22001217a 4500
008 230602b xxu||||| |||| 00| 0 eng d
082 _a155.922
_bKEC
100 _cWainainah Kiganya
_d2010
245 _aKuelekea Kwenye Uponyaji na Mabadiliko
_bKampeni ya Kwaresima 2010
260 _aNarobi
_bJarada la Tume ya Kanisa Katoliki ya Haki na Amani
300 _a31 p
942 _2ddc
_cBK
999 _c129
_d129